000 nam a22 7a 4500
999 _c9692
_d9692
008 180206b ||||| |||| 00| 0 eng d
100 _aMittal, R S
_95803
245 _aLaboratory Manual science - X
260 _aNew Delhi
_bArya Publication
_c2008